妙改中国民间故事学英文 (Record no. 28137)

000 -LEADER
fixed length control field 00510nam a22001937a 4500
003 - CONTROL NUMBER IDENTIFIER
control field MPLRDC
005 - DATE AND TIME OF LATEST TRANSACTION
control field 20220104125533.0
008 - FIXED-LENGTH DATA ELEMENTS--GENERAL INFORMATION
fixed length control field 210129b ||||| |||| 00| 0 eng d
020 ## - INTERNATIONAL STANDARD BOOK NUMBER
International Standard Book Number 957-585-733-X
082 ## - DEWEY DECIMAL CLASSIFICATION NUMBER
Classification number 805.18 DIA c.2
100 ## - MAIN ENTRY--PERSONAL NAME
Personal name LISA L.DIAZ
245 ## - TITLE STATEMENT
Title 妙改中国民间故事学英文
Statement of responsibility, etc. 罗竹君译
250 ## - EDITION STATEMENT
Edition statement 初版
260 ## - PUBLICATION, DISTRIBUTION, ETC.
Place of publication, distribution, etc. 台湾
Name of publisher, distributor, etc. 寂天文化事业有限公司
Date of publication, distribution, etc. 2005
300 ## - PHYSICAL DESCRIPTION
Other physical details 221
490 ## - SERIES STATEMENT
Series statement 英语阅读. 13
650 ## - SUBJECT ADDED ENTRY--TOPICAL TERM
Topical term or geographic name entry element 英语读本
942 ## - ADDED ENTRY ELEMENTS (KOHA)
Koha item type Book
-- 805.18 DIA c.2
Holdings
Withdrawn status Lost status Source of classification or shelving scheme Damaged status Not for loan Collection code Home library Current library Shelving location Date acquired Cost, normal purchase price Total Checkouts Full call number Barcode Date last seen Date last checked out Price effective from Koha item type Public note
            Malaysian Public Library, Research and Development Centre Malaysian Public Library, Research and Development Centre   10/12/2007 35.75   805.18 DIA c.2 00028208 17/03/2021 05/04/2011 17/03/2021 Book mplrdc

© 2022. Malaysian Public Library, Research and Development Centre. All Right ReservedE-mailmplrdc@help.edu.my 

Powered by Koha